000 00753nam a22002057a 4500
999 _c11071
_d11071
003 AR-CdUCM
008 190402b ||||| |||| 00| 0 spa d
020 _a9972-876-25-X
040 _aMUNICIPALIDAD PROVINCIAL DEL CUSCO
_cBIBLIOTECA MUNICIPAL DEL CUSCO
082 _aEP / 372.510 /
_bM61
110 _aMinisterio de educación
_97870
245 _a1,2,3, ...:
_bJuego otra vez /
260 _aLima :
_bCorporación navarrete,
300 _a145 paginas
_c29 cm.
505 _aContenido :Conocemos nuevos amigos -- Organizamos nuestra aula -- Un día en casa -- Aprendemos en nuestra comunidad -- Nuestra patria, el Perú ...
650 _aLógico matemático
_928201
650 _aCiencias aplicadas
_920077
942 _2ddc
_cLIBROS
945 _arum